000
00252nam a2200097Ia 4500
008
231107s2003 xx 000 0 und d
041
_a
eng
100
_a
Karl H.J.
245
_a
Staircases: Design & Construction
260
_a
Berlin
_b
Birkhauser pub.
_c
2003
999
_c
924836
_d
924836